[Event "Let's Play Chess!"]
[Site "http://www.queenalice.com/game.php?id=964943"]
[Date "2011.7.27"]
[Round "-"]
[White "markeemark"]
[Black "ricardo100"]
[Result "1/2-1/2"]
[WhiteElo "1973"]
[BlackElo "1335"]

1. e4 e5 2. f4 exf4 3. Nf3 h6 4. d4 g5 5. Bc4 Bg7 6. O-O d6 7. c3 f6 8. Re1 Bg4
9. h3 Bh5 10. Qd3 Bg6 11. Qd1 Nd7 12. b4 Nb6 13. Bd3 Ne7 14. e5 fxe5 15. dxe5
Bxd3 16. Qxd3 Qd7 17. exd6 Qxd6 18. Qxd6 cxd6 19. Bd2 Nd5 20. Nd4 O-O 21. Ne6
Rf6 22. Nxg7 Kxg7 23. c4 Ne3 24. Bxe3 fxe3 25. Rxe3 Rf7 26. Nc3 Rc8 27. Nb5 Rc6
28. Rd1 Nf5 29. Re6 Rxc4 30. Nxd6 Nxd6 31. Rdxd6 Rxb4 32. Rxh6 1/2-1/2

[Event "AUTO-OPEN-2425"]
[Site "http://www.queenalice.com/game.php?id=965343"]
[Date "2011.7.27"]
[Round "1"]
[White "markeemark"]
[Black "Rubens2009"]
[Result "1-0"]
[WhiteElo "1896"]
[BlackElo "1957"]

1. e4 c5 2. Nf3 e6 3. d4 a6 4. Be3 cxd4 5. Nxd4 Nf6 6. Nc3 Bb4 7. Bd3 d5 8. Bg5
Bxc3+ 9. bxc3 dxe4 10. Bxe4 Qa5 11. Bxf6 Qxc3+ 12. Kf1 gxf6 13. Rb1 Qc4+ 14. Bd3
Qd5 15. Nf3 e5 16. c4 Qd7 17. Qb3 Nc6 18. g3 Nd4 19. Nxd4 Qxd4 20. Kg2 O-O 21.
Rhd1 Qg4 22. Qb6 e4 23. Bf1 f5 24. Rd8 f4 25. Rxf8+ Kxf8 26. Qd6+ Kg8 27. Qxf4
Qxf4 28. gxf4 f5 29. f3 exf3+ 30. Kxf3 Rb8 31. Bd3 b6 32. Ke3 Bd7 33. Kd4 b5 34.
cxb5 axb5 35. Kc5 Rc8+ 36. Kd6 Rc3 37. Bxb5 Bxb5 38. Rxb5 Ra3 39. Rb2 Kg7 40.
Ke6 Ra5 41. Rg2+ Kf8 42. Kf6 h5 43. Kg5 Ke7 44. Kxh5 Kd6 45. Kg6 Rd5 46. h4 Kc5
47. h5 Kb4 48. h6 Rd6+ 49. Kg5 Rd8 50. Kxf5 Rf8+ 51. Ke4 Rh8 52. Rg6 Re8+ 53.
Kf5 Rf8+ 54. Kg5 Ka3 55. h7 Rh8 56. Kh6 Kxa2 57. Rg8 1-0

[Event "AUTO-OPEN-2425"]
[Site "http://www.queenalice.com/game.php?id=965358"]
[Date "2011.7.27"]
[Round "1"]
[White "spin27"]
[Black "markeemark"]
[Result "0-1"]
[WhiteElo "1734"]
[BlackElo "1817"]

1. e4 c5 2. Nc3 g6 3. g3 Bg7 4. Bg2 d6 5. Nf3 Bg4 6. h4 Nc6 7. Bh3 Bxh3 8. Rxh3
Qd7 9. Rh2 O-O-O 10. b3 Bxc3 11. dxc3 Nf6 12. Ng5 e6 13. a4 h6 14. e5 Nxe5 15.
Nf3 Nxf3+ 16. Qxf3 Nd5 17. c4 Nb4 18. Qc3 e5 19. f4 exf4 20. Bxf4 Rhe8+ 21. Re2
Rxe2+ 22. Kxe2 Qg4+ 23. Kf2 g5 24. Qf3 Qxf3+ 25. Kxf3 gxf4 26. c3 Nc6 27. Kxf4
Re8 28. g4 Re6 29. Rb1 a5 30. Rd1 Kc7 31. Rd5 Ne7 32. Rh5 Ng8 33. g5 hxg5+ 34.
Rxg5 Rf6+ 35. Rf5 Rxf5+ 36. Kxf5 Kd7 37. h5 Ke7 38. Kg5 Ke6 39. h6 Nxh6 40. Kxh6
Ke5 41. Kg5 f5 42. Kh4 f4 43. Kh3 Ke4 44. Kg2 Ke3 45. Kf1 Kd3 46. b4 axb4 0-1

[Event "AUTO-OPEN-2425"]
[Site "http://www.queenalice.com/game.php?id=965359"]
[Date "2011.7.27"]
[Round "1"]
[White "markeemark"]
[Black "spin27"]
[Result "1-0"]
[WhiteElo "1500"]
[BlackElo "1734"]

1. e4 e5 2. Nf3 Nc6 3. Bb5 a6 4. Ba4 Nf6 5. O-O Bc5 6. c3 b5 7. Bc2 O-O 8. d4
Bd6 9. d5 Ne7 10. Bg5 Ng6 11. Nbd2 h6 12. Be3 Ng4 13. Qe2 Nf4 14. Bxf4 exf4 15.
h3 Nf6 16. Qd3 Re8 17. Rae1 Be5 18. Nxe5 Rxe5 19. Nf3 Rh5 20. e5 Ne8 21. Qh7+
Kf8 22. Qh8+ Ke7 23. d6+ cxd6 24. exd6+ Kxd6 25. Rxe8 Qc7 26. Rd1+ Rd5 27. Rxd5+
Kxd5 28. Be4+ 1-0

[Event "AUTO-OPEN-2428"]
[Site "http://www.queenalice.com/game.php?id=966251"]
[Date "2011.7.29"]
[Round "1"]
[White "zemaria"]
[Black "markeemark"]
[Result "1/2-1/2"]
[WhiteElo "1767"]
[BlackElo "1973"]

1. e4 c5 2. Nf3 Nc6 3. d4 cxd4 4. Nxd4 e5 5. Nb5 a6 6. N5c3 Nf6 7. Bd3 Bb4 8. a3
Bxc3+ 9. Nxc3 O-O 10. Qf3 d6 11. h3 Be6 12. Qg3 d5 13. Bh6 Nh5 14. Qg5 Qxg5 15.
Bxg5 d4 1/2-1/2

[Event "AUTO-OPEN-2428"]
[Site "http://www.queenalice.com/game.php?id=966252"]
[Date "2011.7.29"]
[Round "1"]
[White "markeemark"]
[Black "zemaria"]
[Result "0-1"]
[WhiteElo "1947"]
[BlackElo "1775"]

1. e4 e5 2. Nf3 d6 3. d4 exd4 4. Nxd4 h6 5. Bc4 Qe7 6. O-O c6 7. Nc3 Nd7 8. Re1
Ne5 9. Bb3 Qc7 10. f4 Bg4 11. Qd2 Ng6 12. e5 dxe5 13. fxe5 O-O-O 14. a4 Bc5 15.
Nd5 cxd5 16. c3 Qb6 17. Qc2 Kb8 0-1

[Event "AUTO-OPEN-2428"]
[Site "http://www.queenalice.com/game.php?id=966273"]
[Date "2011.7.29"]
[Round "1"]
[White "andrevillares"]
[Black "markeemark"]
[Result "1-0"]
[WhiteElo "1991"]
[BlackElo "1884"]

1. d4 Nf6 2. c4 g6 3. Nc3 d5 4. cxd5 Nxd5 5. e4 Nxc3 6. bxc3 Bg7 7. Bc4 O-O 8.
Ne2 c5 9. O-O cxd4 10. cxd4 Nc6 11. Bb2 Qb6 12. Rb1 Qd8 13. Qd2 Qc7 14. Rfd1 Rd8
15. Rbc1 Qb6 16. Qf4 e6 17. Ba1 Nxd4 18. Nxd4 Bxd4 19. Qh4 Rd6 20. e5 1-0

[Event "AUTO-OPEN-2428"]
[Site "http://www.queenalice.com/game.php?id=966274"]
[Date "2011.7.29"]
[Round "1"]
[White "markeemark"]
[Black "andrevillares"]
[Result "0-1"]
[WhiteElo "1854"]
[BlackElo "2003"]

1. e4 Nf6 2. e5 Nd5 3. c4 Nb6 4. d4 d6 5. exd6 exd6 6. Nf3 Be7 7. Nc3 O-O 8. Be3
Nc6 9. Be2 Bf5 10. O-O Bf6 11. a4 Nb4 12. Rc1 d5 13. cxd5 N6xd5 14. Nxd5 Nxd5
15. Re1 Nxe3 16. fxe3 Qe7 17. Bd3 Bg4 18. Qb3 c6 19. e4 Bxf3 20. gxf3 Bxd4+ 0-1

[Event "AUTO-OPEN-2428"]
[Site "http://www.queenalice.com/game.php?id=966285"]
[Date "2011.7.29"]
[Round "1"]
[White "carlospianista20"]
[Black "markeemark"]
[Result "1-0"]
[WhiteElo "1417"]
[BlackElo "1896"]

1. d4 Nf6 2. c4 g6 3. Nc3 d6 4. Bg5 Bg7 5. Nf3 O-O 6. e4 Bg4 7. Be2 Nc6 8. a3 a5
9. Qd2 Nd7 10. h3 Bxf3 11. Bxf3 Nxd4 12. Bd1 a4 13. O-O Nc5 14. Rb1 c6 15. Bh6
Ndb3 16. Bxb3 Nxb3 17. Qe3 Re8 18. Bxg7 Kxg7 19. f4 e6 20. Nd1 d5 21. cxd5 exd5
22. e5 d4 23. Qd3 c5 24. Nf2 Rc8 25. Qc4 Nd2 26. Qb5 Nxb1 27. Rxb1 Re7 28. Rd1
c4 29. Ne4 d3 30. Qb4 Qd4+ 31. Kh1 Rd7 32. Nf6 Rdd8 33. Qd2 c3 34. bxc3 Rxc3 35.
Ng4 Rc2 36. Qe1 d2 37. Qh4 Qxf4 38. Qxd8 Rc1 39. Ne3 Qxe5 40. Qxd2 Rxd1+ 41.
Nxd1 Qc5 42. Qc3+ 1-0

[Event "AUTO-OPEN-2428"]
[Site "http://www.queenalice.com/game.php?id=966286"]
[Date "2011.7.29"]
[Round "1"]
[White "markeemark"]
[Black "carlospianista20"]
[Result "0-1"]
[WhiteElo "1817"]
[BlackElo "1355"]

1. e4 c5 2. Nf3 Nc6 3. d4 cxd4 4. Nxd4 Nf6 5. Nc3 g6 6. Be3 Bg7 7. f3 O-O 8. Qd2
Nxd4 9. Bxd4 d6 10. O-O-O Be6 11. g4 b5 12. Bxb5 Rb8 13. Bxa7 Rb7 14. Bd4 Qb8
15. h4 h5 16. gxh5 Nxh5 17. Bxg7 Kxg7 18. Kb1 Qa7 19. Ba4 Rb4 20. b3 Rfb8 21.
Ka1 Qb7 22. Rb1 Qa7 23. Nd5 Bxd5 24. Qxd5 Qe3 25. Rbf1 Qc3+ 26. Kb1 Rxa4 0-1

[Event "Challenge"]
[Site "http://www.queenalice.com/game.php?id=971409"]
[Date "2011.8.11"]
[Round "-"]
[White "ZUMBI"]
[Black "markeemark"]
[Result "1-0"]
[WhiteElo "2060"]
[BlackElo "1817"]

1. e4 c5 2. Nf3 Nc6 3. Nc3 d6 4. d4 cxd4 5. Nxd4 e5 6. Nxc6 bxc6 7. Bc4 Nf6 8.
Bg5 Be7 9. Qf3 Rb8 10. b3 O-O 11. Bd3 Qa5 12. Bd2 Qc7 13. Qg3 Nh5 14. Qf3 Be6
15. O-O 1-0

[Event "Challenge"]
[Site "http://www.queenalice.com/game.php?id=971410"]
[Date "2011.8.11"]
[Round "-"]
[White "markeemark"]
[Black "ZUMBI"]
[Result "0-1"]
[WhiteElo "1805"]
[BlackElo "2066"]

1. e4 e5 2. Nf3 Nc6 3. Bb5 d6 4. O-O a6 5. Ba4 b5 6. Bb3 a5 7. a4 Ba6 8. axb5
Bxb5 9. Nc3 Bxf1 10. Kxf1 Nf6 11. d4 h6 12. Ba4 Qd7 13. d5 O-O-O 14. Bxc6 Qg4
0-1